Dimenzie vnímania lingvistických polemík

Bibliographic Details
Main Author: Ruščák, František, 1941- (Author)
Format: Article
Language:Slovak
Subjects:

MARC

LEADER 00000nab a2200000 a 4500
001 vtls000820850
003 SK-MaSNL
005 20260304120725.0
008 250429c2002 xo 0 slo
015 |a SNBRB2003/01-00722 
035 |a CLN000172505 
035 |a urn:nbn:sk:snk-abbw1w 
035 |a (urnnbn)urn:nbn:sk:snk:ar-002rn7 
035 |a (uuid)f6b85280-8c20-4136-99a2-ce15df53efa4 
040 |a SNKBUCL  |b slo  |c SNKBUCL  |e AACR2 
041 0 |a slo 
044 |a xo  |c SK 
080 |a 800  |2 1997 
080 |a 800.6/.7  |2 1997 
100 1 |a Ruščák, František,  |d 1941-  |4 aut  |9 204516 
245 1 0 |a Dimenzie vnímania lingvistických polemík  |c František Ruščák 
650 0 7 |a jazyková komunikácia  |2 snkbucl  |9 990 
650 0 7 |a lingvistické polemiky  |2 snkbucl  |9 1425022 
773 0 |t Slovenská reč  |g Roč. 67, č. 4-5 (2002), s. 235-237  |x 0037-6981 
850 |a Slovenská národná knižnica 
852 |a Slovenská národná knižnica 
954 |a odborná, vedecká literatúra pôvodná (slovenská)  |2 lita 
958 |a article15 
958 |a OND 
958 |a EUIPO 
999 |c 2881175  |d 2883105